| 000 | 00533nam a22001695i 4500 | ||
|---|---|---|---|
| 001 | 159552 | ||
| 003 | ES-MaACL | ||
| 005 | 20230906211640.0 | ||
| 008 | 040914s1856 fr |||| | fre d | ||
| 040 |
_aCAM _bspa _cCAM |
||
| 100 | 1 |
_aMeurice, Paul. _9129884 |
|
| 245 | 1 | 0 |
_aScènes du foyer _b: la famille Aubry / _cpar Paul Meurice. |
| 250 | _aNouvelle éd. | ||
| 260 |
_aParis : _bMichel Lévy Frères, _c1856 ( _fImprimerie de L. Tinterlin et cie.) |
||
| 300 |
_a356 p. ; _c18 cm. |
||
| 852 |
_aES-MaACL _jG-11147 _z-- Enc. hol. |
||
| 999 |
_c159552 _d159552 |
||